|
|
|
|
| LEADER |
00000nab a2200000 a 4500 |
| 001 |
vtls000787410 |
| 003 |
SK-MaSNL |
| 005 |
20260303194144.0 |
| 008 |
170412c2001 xo 0 slo |
| 015 |
|
|
|a SNBRB2002/03-09316
|
| 035 |
|
|
|a CLN000139065
|
| 040 |
|
|
|a SNKBUCL
|b slo
|c SNKBUCL
|e AACR2
|
| 041 |
0 |
|
|a slo
|
| 044 |
|
|
|a xo
|c SK
|
| 080 |
|
|
|a 792.2
|2 1997
|
| 100 |
1 |
|
|a Čavojský, Ladislav,
|d 1932-2014
|4 aut
|9 101804
|
| 245 |
1 |
0 |
|a Oidipus na boľavých nohách
|b (160 rokov od novodobej, 60 rokov od slovenskej premiéry)
|c Ladislav Čavojský
|
| 300 |
|
|
|b Fotogr.
|
| 600 |
0 |
7 |
|a Sofokles,
|d asi 496-406 pred Kr.
|t Vládca Oidipus
|2 snkbucl
|9 1226053
|
| 610 |
2 |
7 |
|a Slovenské národné divadlo.
|b Činohra
|2 snkbucl
|9 32459
|
| 650 |
0 |
7 |
|a činohry
|2 snkbucl
|9 3325
|
| 650 |
0 |
7 |
|a divadelné inscenácie
|2 snkbucl
|9 3326
|
| 655 |
|
7 |
|a recenzie
|2 snkbucl
|9 21907
|
| 773 |
0 |
|
|t Literárny týždenník
|g Roč. 14, č. 44 (2001), s. 11
|x 0862-5999
|
| 850 |
|
|
|a Slovenská národná knižnica v Martine
|
| 852 |
|
|
|a SNK
|b KIS3GCP
|
| 999 |
|
|
|c 2156122
|d 2158052
|